[Event "Titled Tue 1st Jul Late"]
[Site "chess.com INT"]
[Date "2025.07.01"]
[Round "2"]
[White "Perossa, Nicolas"]
[Black "Korchynskyi, Mykola"]
[Result "1/2-1/2"]
[WhiteTitle "FM"]
[BlackTitle "FM"]
[WhiteElo "2286"]
[BlackElo "2335"]
[WhiteFideId "2850520"]
[BlackFideId "34138005"]
[EventDate "2025.07.01"]

1. e4 e6 2. d4 d5 3. Nc3 dxe4 4. Nxe4 Nd7 5. Nf3 Ngf6 6. Nxf6+ Nxf6 7. g3 c5 8.
Bg2 Be7 9. O-O O-O 10. Be3 Qc7 11. c3 Rd8 12. Qb3 b6 13. Bf4 Bd6 14. Bxd6 Rxd6
15. Rad1 Ba6 16. dxc5 Qxc5 17. Rxd6 Bxf1 18. Qd1 Bxg2 19. Rd8+ Rxd8 20. Qxd8+
Qf8 21. Qxf8+ Kxf8 22. Kxg2 Ke7 23. Ne5 a6 24. c4 Ne4 25. b3 Nc3 26. a4 a5 27.
c5 bxc5 28. Nc6+ Kd6 29. Nxa5 f6 30. Kf3 e5 31. Ke3 Kd5 32. Kd3 Ne4 33. f3 Nd6
34. Kc3 f5 35. Kd3 g5 36. Ke3 h5 37. h3 f4+ 38. gxf4 exf4+ 39. Kd3 Nf5 40. Nc4
Nd4 41. Nd2 Kc6 42. Ke4 Ne2 43. Kf5 g4 44. hxg4 hxg4 45. Kxg4 Kb6 46. Nc4+ Kc6
47. Ne5+ Kd5 48. Nd3 Nd4 49. Nxf4+ Kc6 50. Nd3 Nxb3 51. f4 c4 52. Ne5+ Kd5 53.
Nxc4 Kxc4 54. f5 Nc5 55. f6 Nd7 56. f7 Ne5+ 57. Kf5 Nxf7 58. Ke6 Nd6 59. Kxd6
Kb4 60. a5 Kxa5 1/2-1/2

[Event "Titled Tue 1st Jul Late"]
[Site "chess.com INT"]
[Date "2025.07.01"]
[Round "2"]
[White "Tatarinov, Dmitry"]
[Black "Stojanovski, Sandi"]
[Result "1/2-1/2"]
[WhiteTitle "FM"]
[BlackTitle "FM"]
[WhiteElo "2318"]
[BlackElo "2169"]
[WhiteFideId "24160067"]
[BlackFideId "1403249"]
[EventDate "2025.07.01"]

1. e4 d6 2. d4 Nf6 3. Nd2 g6 4. Ngf3 Bg7 5. Bd3 O-O 6. O-O Nc6 7. Re1 e5 8. c3
Nh5 9. dxe5 Nxe5 10. Nxe5 dxe5 11. Nf3 h6 12. a4 Be6 13. a5 Qf6 14. Qe2 Nf4 15.
Bxf4 Qxf4 16. Bc4 Bg4 17. a6 b6 18. h3 Bxf3 19. Qxf3 Qxf3 20. gxf3 Rad8 21. Red1
Bf6 22. Bd5 Rd6 23. Kf1 Rfd8 24. Ke2 c6 25. Bb3 Rxd1 26. Bxd1 Bg5 27. Rb1 Rd2+
28. Kf1 c5 29. Be2 Kg7 30. Ke1 Kf6 31. h4 Bf4 32. Bc4 h5 33. Bd5 g5 34. hxg5+
Bxg5 35. b4 cxb4 36. Rxb4 Rc2 37. Rc4 Rc1+ 38. Ke2 h4 39. Rc6+ Kg7 40. Rc7 h3
41. Rxf7+ Kh6 42. Rxa7 h2 43. Bg8 h1=Q 44. Rh7+ Kg6 45. Rxh1 Rxh1 46. Kd3 Ra1
47. Bc4 Kf6 48. Bb5 Ke7 49. Kc4 Kd6 50. Kb3 Bd2 51. Ba4 Kc7 52. Bb5 Kb8 53. Kc4
Be1 54. Kd5 Ra5 55. f4 Bxf2 56. c4 Ra3 57. f5 Re3 58. Ke6 Rg3 59. f6 Rf3 60. f7
Bh4 61. Bc6 Rf6+ 62. Kxe5 Rxf7 63. Kd5 Rc7 64. e5 Be7 65. Bb5 Ka7 66. Ke6 Bc5
67. Kd5 Be7 68. Ke6 Bb4 69. Kd5 Bf8 70. Ke6 Rc5 71. Kf6 Bg7+ 72. Kxg7 Rxe5 73.
Kf6 Re1 74. Kf5 Rc1 75. Ke5 Rb1 76. Kd6 Rc1 77. Kc6 Rc3 78. Kd5 Rc1 79. Kd4 Rc2
80. Kd3 Rh2 81. Kd4 Rh4+ 82. Kc3 Rh5 83. Kb4 Rh3 84. Ka4 Rg3 85. Kb4 Rh3 86. Ka4
Re3 87. Kb4 Re7 88. Ka4 Re3 89. Kb4 Rg3 90. Ka4 Re3 1/2-1/2

[Event "Titled Tue 1st Jul Late"]
[Site "chess.com INT"]
[Date "2025.07.01"]
[Round "2"]
[White "Villa Tornero, Alex"]
[Black "Guerrero Cataldo, Juan Andres"]
[Result "1-0"]
[WhiteTitle "FM"]
[BlackTitle "CM"]
[WhiteElo "2211"]
[BlackElo "2082"]
[WhiteFideId "54501091"]
[BlackFideId "3421260"]
[EventDate "2025.07.01"]

1. a3 d5 2. h3 Nf6 3. Nf3 Bf5 4. d3 h6 5. Bf4 e6 6. Nbd2 Bd6 7. Bxd6 cxd6 8. e3
Nc6 9. Be2 O-O 10. O-O Rc8 11. b3 Bh7 12. Qc1 Na5 13. Qb2 Nd7 14. Rac1 Qf6 15.
Qxf6 Nxf6 16. Nd4 a6 17. f4 Nc6 18. N2f3 Nxd4 19. Nxd4 Rc7 20. Rce1 Rfc8 21. Bd1
b5 22. g4 e5 23. Nf3 Re7 24. f5 Nd7 25. d4 f6 26. Rf2 Kf8 27. Rd2 Nb6 28. Be2
Bg8 29. Kf2 Bf7 30. Nh4 Rec7 31. Rc1 Nd7 32. Nf3 Nb6 33. Ne1 Rc3 34. Nd3 e4 35.
Nb4 a5 36. Na2 b4 37. axb4 axb4 38. Nxc3 Rxc3 39. Ra1 g6 40. Ra6 Nc8 41. Bb5
gxf5 42. gxf5 Ne7 43. Rxd6 Nxf5 44. Rxf6 Nxe3 45. Rc6 Rxc6 46. Bxc6 Nf5 47. Bd7
e3+ 48. Ke2 exd2 49. Bxf5 Ke7 50. Kxd2 Kf6 51. Bd7 Kg5 52. c3 bxc3+ 53. Kxc3 Kf6
54. Kb4 Ke7 55. Bf5 Kd6 56. Ka5 Kc6 57. b4 Kb7 58. Kb5 Bg8 59. Kc5 Bf7 60. h4
Bg8 61. b5 Bf7 62. b6 Bg8 63. Bd7 Bf7 64. Bc6+ Kb8 65. Bxd5 Bg6 66. Bf3 Bf5 67.
d5 Bd7 68. d6 Kc8 69. Kd4 Kb8 70. Ke5 Be8 71. Kf6 Bb5 72. Kg7 Kc8 73. Kxh6 Ba6
74. Bc6 Kd8 75. Kg7 Bb7 76. Bxb7 1-0

[Event "Titled Tue 1st Jul Late"]
[Site "chess.com INT"]
[Date "2025.07.01"]
[Round "2"]
[White "Jagirapu, Harshin Reddy"]
[Black "Gasparyan, Erik R."]
[Result "0-1"]
[BlackTitle "IM"]
[WhiteElo "2042"]
[BlackElo "2372"]
[WhiteFideId "39910679"]
[BlackFideId "13315730"]
[EventDate "2025.07.01"]

1. d4 Nf6 2. Nf3 b6 3. c4 Bb7 4. a3 e6 5. Nc3 Be7 6. Bf4 O-O 7. e3 d5 8. cxd5
exd5 9. Qc2 c5 10. dxc5 bxc5 11. Rd1 Nbd7 12. Be2 Rc8 13. O-O Re8 14. Nb5 Qb6
15. Nc3 h6 16. Ne5 Nxe5 17. Bxe5 Qe6 18. Bg3 Red8 19. Bf3 Qb6 20. Be5 Qe6 21.
Bxf6 Bxf6 22. Qb3 Rb8 23. Qa4 a6 24. Qa5 d4 25. Bxb7 Rxb7 26. Na4 Qc6 27. exd4
cxd4 28. Rc1 Qb5 29. Qxb5 Rxb5 30. b4 a5 31. Rc5 Rdb8 32. Rxb5 Rxb5 33. Rb1 Be7
34. Rd1 axb4 35. axb4 Rxb4 36. Ra1 d3 37. Kf1 Bf6 38. Rd1 Rxa4 39. Rxd3 Ra1+ 40.
Ke2 g6 41. Kf3 Kg7 42. g3 h5 43. Kg2 Ra2 44. h4 Be7 45. Rf3 Bc5 46. Rf4 Rc2 47.
Rf3 Kf8 48. Rf4 f5 49. Rf3 Ke7 50. Kf1 Ke6 51. Kg2 Ke5 52. Kf1 Rxf2+ 53. Rxf2
Bxf2 54. Kxf2 f4 55. Kf3 fxg3 56. Kxg3 Ke4 57. Kg2 Kf4 58. Kh2 Kg4 59. Kg2 Kxh4
60. Kh2 Kg4 61. Kg2 g5 62. Kh2 h4 63. Kg2 Kf4 64. Kh2 g4 65. Kg2 g3 66. Kh3 Kg5
67. Kg2 Kg4 68. Kh1 h3 69. Kg1 Kf3 70. Kf1 Ke3 71. Kg1 h2+ 72. Kh1 Ke2 73. Kg2
h1=N 74. Kxh1 Kf3 75. Kg1 g2 76. Kh2 Kf2 77. Kh3 g1=Q 0-1

[Event "Titled Tue 1st Jul Late"]
[Site "chess.com INT"]
[Date "2025.07.01"]
[Round "2"]
[White "Gokerkan, Cem Kaan"]
[Black "Bogdanov, Artyom"]
[Result "0-1"]
[WhiteTitle "GM"]
[BlackTitle "FM"]
[WhiteElo "2489"]
[BlackElo "2370"]
[WhiteFideId "6336760"]
[BlackFideId "13749200"]
[EventDate "2025.07.01"]

1. e4 e5 2. Nf3 d6 3. Bc4 Be7 4. d4 exd4 5. Nxd4 Nc6 6. Nc3 Bf6 7. Nxc6 bxc6 8.
Qh5 g6 9. Qf3 Bd7 10. O-O Qe7 11. Re1 h5 12. h3 Be5 13. Bf4 Nf6 14. Bg5 Be6 15.
Bxe6 Qxe6 16. Nd5 cxd5 17. exd5 Nxd5 18. c4 Nb6 19. c5 O-O 20. cxb6 axb6 21. a3
Rfe8 22. Rac1 c5 23. Qc6 Qc8 24. Qd5 Bxb2 25. Rxe8+ Qxe8 26. Rb1 Bd4 27. Rxb6
Rxa3 28. Bf4 Be5 29. Bxe5 Qxe5 30. Qxe5 dxe5 31. Rc6 Rc3 32. h4 Kg7 33. g3 Rc2
34. Kg2 e4 35. Kf1 c4 36. Kg1 Rc3 37. Kg2 f5 38. Kf1 Rc2 39. Kg1 Rc1+ 40. Kg2 c3
41. Kh2 c2 42. Kg2 Kf7 43. Kh2 Ke7 44. Kg2 Kd7 45. Rc3 Kd6 46. Rc4 Kd5 47. Rc8
Kd4 48. Rd8+ Kc4 49. Rc8+ Kd3 50. Rd8+ Ke2 51. Rc8 Kd2 52. Rd8+ Ke1 53. Rc8 Ke2
54. Rc7 Kd3 55. Rd7+ Kc4 56. Rc7+ Kd5 57. Rc8 Ke5 58. Re8+ Kd4 59. Rc8 Kd3 60.
Rd8+ Ke2 61. Rc8 Ke1 62. Rc7 Rd1 63. Rxc2 Rd2 64. Rc6 Rxf2+ 65. Kh3 e3 66. Rxg6
e2 67. g4 fxg4+ 68. Kg3 Kf1 69. Ra6 Rf3+ 70. Kh2 e1=Q 71. Ra1 Rh3# 0-1

[Event "Titled Tue 1st Jul Late"]
[Site "chess.com INT"]
[Date "2025.07.01"]
[Round "2"]
[White "Baturin-Vinogradov, Miroslav"]
[Black "Sowinski, Pawel"]
[Result "0-1"]
[WhiteTitle "CM"]
[BlackTitle "IM"]
[WhiteElo "2046"]
[BlackElo "2451"]
[WhiteFideId "55745741"]
[BlackFideId "21881979"]
[EventDate "2025.07.01"]

1. e4 d6 2. Nf3 Nf6 3. Nc3 c6 4. a4 e5 5. d4 Nbd7 6. Be2 Be7 7. h3 O-O 8. Be3
Re8 9. O-O Bf8 10. dxe5 dxe5 11. Bd3 h6 12. Qe2 Qc7 13. Bc4 Nc5 14. Bxc5 Bxc5
15. Rad1 a5 16. Rd3 Be6 17. Bxe6 Rxe6 18. Rfd1 g6 19. g3 Kg7 20. Kg2 Re7 21. Nb1
Rf8 22. Nbd2 Bb4 23. c3 Bc5 24. Nc4 b5 25. axb5 cxb5 26. Ne3 Bxe3 27. Qxe3 Qc6
28. Nd2 a4 29. f3 Ra8 30. Nb1 Rd7 31. Na3 Rxd3 32. Qxd3 Rb8 33. Nc2 h5 34. Nb4
Qe6 35. Qd6 Qxd6 36. Rxd6 h4 37. g4 Ra8 38. Nd5 Nh7 39. Rb6 a3 40. bxa3 Rxa3 41.
Rxb5 Ra2+ 42. Kf1 Ng5 43. Nb4 Rb2 44. Rxe5 Nxf3 45. Rc5 Nd2+ 46. Kg1 Nxe4 47.
Rc4 Ng5 48. Nd3 Nxh3+ 49. Kh1 Rd2 50. Nf4 Nf2+ 51. Kg2 Nxg4+ 52. Kh3 Ne5 53. Re4
Nd3 54. Kxh4 Nxf4 55. Rxf4 Rc2 56. Rc4 Kh6 57. Rc6 f5 58. c4 Rc3 59. c5 Rc4+ 60.
Kg3 Kg5 61. Rc8 f4+ 62. Kf2 Kg4 63. c6 g5 64. c7 Rc2+ 65. Ke1 f3 66. Kf1 Kg3 67.
Ke1 f2+ 0-1

[Event "Titled Tue 1st Jul Late"]
[Site "chess.com INT"]
[Date "2025.07.01"]
[Round "2"]
[White "Jammalamadaka, Vihaan"]
[Black "Boyer, Mahel"]
[Result "1-0"]
[WhiteTitle "CM"]
[BlackTitle "GM"]
[WhiteElo "2018"]
[BlackElo "2523"]
[WhiteFideId "30977134"]
[BlackFideId "45102422"]
[EventDate "2025.07.01"]

1. d4 Nf6 2. Nc3 a6 3. e4 d6 4. f4 c5 5. dxc5 Qa5 6. cxd6 Nxe4 7. Qd4 Nxd6 8.
Nf3 Nc6 9. Qd1 Bf5 10. Bd3 O-O-O 11. O-O e6 12. Qe2 Bxd3 13. Qxd3 Nf5 14. Qe2 h5
15. a3 h4 16. Ne4 Bc5+ 17. Nxc5 Qxc5+ 18. Qf2 Qxf2+ 19. Kxf2 Ncd4 20. Nxd4 Nxd4
21. Be3 Rd6 22. Rad1 Rhd8 23. Bxd4 Rxd4 24. Rxd4 Rxd4 25. Ke3 Rc4 26. c3 f5 27.
Rd1 Re4+ 28. Kf3 Kc7 29. g4 g5 30. Rd4 Re1 31. fxg5 Rf1+ 32. Kg2 Rb1 33. g6
Rxb2+ 34. Kh3 e5 35. Rc4+ Kd6 36. g7 b5 37. g8=Q bxc4 38. Qxc4 fxg4+ 39. Kxg4
Rxh2 40. Qxa6+ Kd5 41. Qb5+ Ke4 42. Qc4+ Ke3 43. Qc5+ Ke4 44. Qc6+ Ke3 45. Qf3+
Kd2 46. Qe4 Re2 47. Qb4 h3 48. Kxh3 Kd3 49. Qb5+ Kd2 50. c4 e4 51. c5 Re3+ 52.
Kg4 Rc3 53. c6 e3 54. Qd5+ Kc2 55. Kf3 Kb2 56. Ke2 Kxa3 57. Qa5+ Kb3 58. Qxc3+
Kxc3 59. c7 Kb3 60. c8=Q Ka2 61. Qb8 Ka1 62. Kxe3 Ka2 63. Kd3 Ka1 64. Kc2 Ka2
65. Qb2# 1-0

[Event "Titled Tue 1st Jul Late"]
[Site "chess.com INT"]
[Date "2025.07.01"]
[Round "2"]
[White "Reprintsev, Alexander"]
[Black "Ambartsumian, Tyhran"]
[Result "0-1"]
[WhiteTitle "IM"]
[BlackTitle "CM"]
[WhiteElo "2256"]
[BlackElo "2244"]
[WhiteFideId "14100541"]
[BlackFideId "34161112"]
[EventDate "2025.07.01"]

1. e4 e5 2. f4 d5 3. exd5 exf4 4. Nf3 Nf6 5. Bb5+ Bd7 6. Bxd7+ Qxd7 7. c4 c6 8.
d4 Bb4+ 9. Bd2 Bxd2+ 10. Nbxd2 Qe7+ 11. Qe2 Qxe2+ 12. Kxe2 cxd5 13. Ne5 Nc6 14.
Nxc6 bxc6 15. Rhf1 O-O 16. Rxf4 Rfe8+ 17. Kd3 dxc4+ 18. Nxc4 Nd5 19. Rf2 f6 20.
a3 Re6 21. Rc1 Rae8 22. g3 h5 23. Na5 Ne7 24. Rfc2 Rc8 25. Rc5 Rd6 26. Rxh5 Rcd8
27. Nb3 f5 28. Re1 Kf7 29. Rxe7+ Kxe7 30. Rxf5 Rh8 31. h4 Rf8 32. Rg5 g6 33. Kc4
Rf2 34. Kc3 Rdf6 35. Nd2 Re2 36. Rg4 Rff2 37. Ne4 Rf3+ 38. Kc4 Rxb2 39. Rxg6
Rc2+ 40. Kb4 Rd3 41. Rg7+ Kf8 42. Rd7 Ke8 43. Rd6 Ke7 44. h5 Re2 45. Kc4 Rd1 46.
Nc3 Kxd6 47. Nxe2 Rh1 48. Nf4 Rc1+ 49. Kd3 Rg1 50. Ne2 Rh1 51. Nf4 Rg1 52. Ne2
Ra1 53. Ke4 Ke6 54. Nf4+ Kf6 55. g4 Kg5 56. Ne6+ Kxg4 57. h6 Rh1 58. Nd8 Rxh6
59. a4 a5 0-1

[Event "Titled Tue 1st Jul Late"]
[Site "chess.com INT"]
[Date "2025.07.01"]
[Round "2"]
[White "Shandrygin, Nikita"]
[Black "Garg, Priyansh"]
[Result "1-0"]
[WhiteTitle "FM"]
[WhiteElo "2209"]
[BlackElo "2089"]
[WhiteFideId "24198668"]
[BlackFideId "30984696"]
[EventDate "2025.07.01"]

1. Nf3 c5 2. g3 Nf6 3. d4 cxd4 4. Nxd4 Nc6 5. Nb3 g6 6. Bg2 Bg7 7. Nc3 O-O 8.
O-O b6 9. e4 Bb7 10. f4 d6 11. h3 b5 12. Be3 a6 13. a3 Rc8 14. Kh2 Nd7 15. Qd2
Na5 16. Nxa5 Qxa5 17. Bd4 Bxd4 18. Qxd4 Rc4 19. Qd2 Nf6 20. Rfe1 Rfc8 21. e5
dxe5 22. Bxb7 Rd8 23. Qf2 exf4 24. gxf4 Qc7 25. Be4 Rdd4 26. Qf3 Nxe4 27. Rxe4
Rxe4 28. Nxe4 f5 29. Nc3 Rxf4 30. Qd5+ Kg7 31. Kg2 e5 32. Rd1 Kh6 33. Qd6 Qa7
34. Qd2 Kh5 35. Qe2+ Kh6 36. Rf1 Rxf1 37. Kxf1 e4 38. Nd5 Qd4 39. Qe3+ Qxe3 40.
Nxe3 Kg5 41. Nd5 Kh4 42. Kg2 g5 43. Ne3 f4 44. Nf5+ Kh5 45. Nd6 e3 46. Ne4 Kg6
47. Kf3 h5 48. Nc5 Kf5 49. Nxa6 g4+ 50. hxg4+ hxg4+ 51. Ke2 g3 52. Kf3 e2 53.
Kxe2 Kg4 54. Nc5 f3+ 55. Kf1 Kh3 56. Ne4 Kh2 57. Nxg3 Kxg3 58. b3 Kf4 59. Kf2
Ke4 60. a4 b4 61. Kf1 Ke3 62. Ke1 Ke4 63. Kf2 Kd4 64. Kxf3 Kc3 65. a5 Kxc2 66.
a6 Kxb3 67. a7 Kc2 68. a8=Q b3 69. Qc6+ Kb1 70. Ke2 b2 71. Kd2 Ka2 72. Qa4+ Kb1
73. Qc2+ Ka2 74. Kc3 Ka3 75. Qxb2+ Ka4 76. Qb4# 1-0

[Event "Titled Tue 1st Jul Late"]
[Site "chess.com INT"]
[Date "2025.07.01"]
[Round "2"]
[White "Cardozo Munar, Carlos Eduardo"]
[Black "Schmider, Niklas"]
[Result "1/2-1/2"]
[WhiteTitle "FM"]
[BlackTitle "IM"]
[WhiteElo "2052"]
[BlackElo "2421"]
[WhiteFideId "4409477"]
[BlackFideId "12993778"]
[EventDate "2025.07.01"]

1. d4 Nf6 2. Bg5 d5 3. Bxf6 exf6 4. g3 Bd6 5. Bg2 c6 6. Nd2 O-O 7. e3 Bf5 8. Ne2
Nd7 9. O-O a5 10. c4 dxc4 11. Nxc4 Bc7 12. Nc3 Nb6 13. Nxb6 Bxb6 14. e4 Bg6 15.
d5 Re8 16. Re1 Qd6 17. dxc6 Qxc6 18. Nd5 Ba7 19. Rc1 Bc5 20. h4 h5 21. Qc2 Qxd5
22. Qxc5 Qxc5 23. Rxc5 Re5 24. Rec1 Rd8 25. f4 Rxc5 26. Rxc5 b6 27. Rb5 Rd6 28.
a3 Kf8 29. Bf3 Ke7 30. Kf2 Kd7 31. f5 Bh7 32. Bxh5 g6 33. fxg6 fxg6 34. Bf3 Kc7
35. h5 gxh5 36. Rxh5 Bg8 37. Rh8 Bc4 38. Rh7+ Kb8 39. Ke3 Rd3+ 40. Kf4 Rb3 41.
Rh2 b5 42. Rd2 Kc7 43. Bg4 b4 44. axb4 Rxb4 45. Bf5 Kc6 46. g4 Kc5 47. g5 fxg5+
48. Kxg5 Rb3 49. Kf6 Rb6+ 50. Kg5 Rd6 51. Rxd6 Kxd6 52. Kf6 Kc5 53. e5 Kb4 54.
Be6 Bb5 55. Ba2 Bd7 56. e6 Bxe6 57. Kxe6 a4 58. Kd5 a3 59. b3 Kc3 60. Kc5 Kb2
61. b4 Kxa2 62. b5 Kb3 63. b6 a2 64. b7 a1=Q 65. b8=Q+ Kc2 66. Qh2+ Kd3 67. Qg3+
Kc2 68. Qf2+ Kd3 69. Qf5+ Kd2 70. Qf4+ Kd3 71. Qf3+ Kd2 72. Qg2+ Kc1 73. Qf1+
Kb2 74. Qf6+ Kb1 75. Qxa1+ Kxa1 1/2-1/2

[Event "Titled Tue 1st Jul Late"]
[Site "chess.com INT"]
[Date "2025.07.01"]
[Round "2"]
[White "Krishnakumar, Sriram"]
[Black "Rustemov, Alexander"]
[Result "1/2-1/2"]
[WhiteTitle "FM"]
[BlackTitle "GM"]
[WhiteElo "2197"]
[BlackElo "2525"]
[WhiteFideId "30915856"]
[BlackFideId "4119002"]
[EventDate "2025.07.01"]

1. e4 e6 2. d4 d5 3. Nc3 dxe4 4. Nxe4 Bd7 5. Nf3 Bc6 6. Bd3 Nd7 7. c3 Ngf6 8.
Ng3 Be7 9. O-O O-O 10. Re1 b6 11. Bc2 Bb7 12. Bf4 c5 13. Ne5 cxd4 14. Qxd4 Nxe5
15. Bxe5 Qxd4 16. Bxd4 g6 17. Ne4 Nxe4 18. Bxe4 Bxe4 19. Rxe4 Rfd8 20. Kf1 Rd7
21. f4 Rad8 22. Rae1 b5 23. a3 a6 24. g4 Rd5 25. R1e2 Kf8 26. Kg2 Ke8 27. Kf3
Kd7 28. Re5 Kc6 29. Rxd5 Rxd5 30. Ke4 a5 31. b4 a4 32. Rc2 f5+ 33. gxf5 exf5+
34. Ke3 Bd6 35. h4 Kd7 36. h5 g5 37. fxg5 f4+ 38. Ke4 Rxg5 39. h6 Rh5 40. Bg7
Ke6 41. c4 Rh3 42. cxb5 Rxa3 43. b6 Rb3 44. Rc4 Bxb4 45. b7 Bd6 46. Rxa4 Rxb7
47. Kf3 Rb3+ 48. Kf2 Bc5+ 49. Kf1 f3 50. Re4+ Kd6 51. Re1 Rd3 52. Bf8+ Kd5 53.
Bxc5 Kxc5 54. Kf2 Rd6 55. Kxf3 Rxh6 56. Kg3 Kd4 57. Kg4 Rg6+ 58. Kh5 Rg2 59. Re8
Rh2+ 60. Kg4 Kd5 61. Kg3 Rh1 62. Kg2 Rh6 63. Kg3 Kd6 64. Re2 Kd7 65. Re1 Rg6+
66. Kh4 Rf6 67. Kg5 Rg6+ 68. Kh5 Rd6 69. Kg5 Rd4 70. Rh1 Rd5+ 71. Kg4 Rd4+ 72.
Kg5 Rd5+ 73. Kg4 Rd4+ 74. Kg5 1/2-1/2

[Event "Titled Tue 1st Jul Late"]
[Site "chess.com INT"]
[Date "2025.07.01"]
[Round "2"]
[White "Pavlov, Nikolay"]
[Black "Svane, Frederik"]
[Result "0-1"]
[WhiteTitle "FM"]
[BlackTitle "GM"]
[WhiteElo "2316"]
[BlackElo "2667"]
[WhiteFideId "24141470"]
[BlackFideId "12923044"]
[EventDate "2025.07.01"]

1. e4 c5 2. Nf3 e6 3. d4 cxd4 4. Nxd4 Nc6 5. Nc3 Qc7 6. Be3 a6 7. Qf3 b5 8. Qg3
Qxg3 9. hxg3 Nxd4 10. Bxd4 Bb7 11. f3 Ne7 12. O-O-O Nc6 13. Be3 Bb4 14. g4 f6
15. a3 Bxc3 16. bxc3 Ne5 17. Kb2 Rc8 18. Be2 d5 19. exd5 Bxd5 20. Rd4 Bc4 21.
Bd1 Bd5 22. Be2 Ke7 23. f4 Nc4+ 24. Bxc4 Bxc4 25. Rhd1 Rc7 26. Rd6 Ra8 27. Bb6
Rb7 28. Bc5 Ke8 29. Rh1 Rd7 30. Rxh7 Rxd6 31. Bxd6 Kf7 32. Bc5 Rd8 33. Bd4 Rd5
34. Rh8 e5 35. fxe5 fxe5 36. Be3 Rd1 37. Ra8 Re1 38. Bc5 Re2 39. Ra7+ Ke6 40.
Rxg7 Rxg2 41. g5 a5 42. Rg8 Bd3 43. Re8+ Kf5 44. Bb6 Rxc2+ 45. Kb3 a4+ 46. Kb4
e4 47. Be3 Re2 48. Rf8+ Kg6 49. Bc1 Re1 50. Rf6+ Kh5 51. Bf4 Rg1 52. Rh6+ Kg4
53. Be3 Rg2 54. g6 Kf3 55. Bd4 Ke2 56. g7 Kd2 57. Rh8 Bc4 58. Re8 Rg4 59. Kc5
Kc2 60. Kd6 Kb3 61. Ke7 Kxa3 62. Kf8 Kb3 63. Rc8 a3 64. Ra8 a2 65. Be3 Kb2 66.
Bc1+ Kxc1 67. Rxa2 Bxa2 0-1

[Event "Titled Tue 1st Jul Late"]
[Site "chess.com INT"]
[Date "2025.07.01"]
[Round "2"]
[White "Assylov, Miras"]
[Black "Albertini, Luca"]
[Result "1-0"]
[WhiteTitle "FM"]
[WhiteElo "2319"]
[BlackElo "2131"]
[WhiteFideId "13728873"]
[BlackFideId "847038"]
[EventDate "2025.07.01"]

1. c4 e5 2. Nc3 Nf6 3. d3 d5 4. cxd5 Nxd5 5. Nf3 Nc6 6. e3 Be7 7. Be2 O-O 8. O-O
Be6 9. Bd2 Ndb4 10. Qb1 Bf5 11. Ne4 Bg4 12. a3 Bxf3 13. Bxf3 Nxd3 14. Rd1 f5 15.
Bc3 fxe4 16. Bxe4 Qe8 17. Qxd3 Qh5 18. Qb5 Qh4 19. Bd5+ Kh8 20. g3 Qf6 21. Rd2
Bd6 22. Qxb7 Ne7 23. Bg2 Rab8 24. Qe4 Nf5 25. Rc1 Nh6 26. Rcc2 Nf7 27. h4 Nd8
28. Rd5 Nf7 29. Ba5 Kg8 30. b4 g5 31. Bxc7 Rbc8 32. Bxd6 Nxd6 33. Qd3 e4 34. Qd2
Rxc2 35. Qxc2 gxh4 36. g4 h3 37. Bxh3 Nf7 38. Rf5 Qe7 39. Bg2 Ng5 40. Rxf8+ Kxf8
41. Qc8+ Kg7 42. Qc3+ Kg6 43. Qc6+ Kg7 44. Qd5 h6 45. Qd4+ Kg6 46. a4 Qe6 47.
Qd1 Qc4 48. b5 Qc5 49. Qb1 Qe5 50. a5 Qe6 51. Qd1 Qc4 52. b6 axb6 53. axb6 Qb5
54. Qd6+ Kg7 55. Qc7+ Kg6 56. b7 Qb1+ 57. Kh2 Nf3+ 58. Bxf3 Qe1 59. b8=Q Qxf2+
60. Bg2 Qh4+ 61. Kg1 Qe1+ 62. Bf1 Qxe3+ 63. Kh1 Qf3+ 64. Bg2 Qd1+ 65. Kh2 Qxg4
66. Qg8+ Kh5 67. Qe5+ Kh4 68. Qxg4+ Kxg4 69. Qxe4+ 1-0

[Event "Titled Tue 1st Jul Late"]
[Site "chess.com INT"]
[Date "2025.07.01"]
[Round "2"]
[White "Livaic, Leon"]
[Black "Sherman, Raem"]
[Result "1-0"]
[WhiteTitle "GM"]
[BlackTitle "FM"]
[WhiteElo "2550"]
[BlackElo "2366"]
[WhiteFideId "14531534"]
[BlackFideId "2822288"]
[EventDate "2025.07.01"]

1. d4 Nf6 2. c4 e6 3. Nf3 b6 4. Bf4 Bb7 5. e3 d6 6. Nc3 Nbd7 7. h3 g6 8. Bh2 Bg7
9. Be2 O-O 10. O-O Rc8 11. Qc2 Qe7 12. Rfd1 a6 13. b4 Rfd8 14. a4 c5 15. dxc5
dxc5 16. Bd6 Qe8 17. b5 a5 18. Rac1 e5 19. Rd2 e4 20. Nh2 Ne5 21. Rcd1 Nd3 22.
Bg3 Nb4 23. Qc1 h5 24. Rxd8 Rxd8 25. Bc7 Rxd1+ 26. Qxd1 Bc8 27. Qd6 Nd7 28. Nd5
Nxd5 29. Qxd5 Qe6 30. Qxe6 fxe6 31. Nf1 Be5 32. Bd8 Kf7 33. Nd2 Bb7 34. Bd1 Bc3
35. Nf1 Ke8 36. Bh4 Ne5 37. Bb3 Nd3 38. Ng3 Be1 39. Ne2 e5 40. Kf1 Bc8 41. Bc2
Bb4 42. f4 Be6 43. Bb3 Nb2 44. Ng3 Bxc4+ 45. Bxc4 Nxc4 46. Nxe4 Nxe3+ 47. Kf2
exf4 48. Kf3 Nd5 49. Nd6+ Kd7 50. Nc4 Kc7 51. Bg5 Nc3 52. Bxf4+ Kb7 53. Nb2 Ba3
54. Nc4 Nxa4 55. Nxa3 Nc3 56. Be5 Nxb5 57. Nxb5 Kc6 58. Nc3 b5 59. Ke4 b4 60.
Nd1 Kb5 61. Kd3 c4+ 62. Kc2 a4 63. Ne3 a3 64. Bd4 b3+ 65. Kc3 b2 66. Kc2 Kb4 67.
Bc3+ Ka4 68. Bxb2 axb2 69. Kxb2 Kb4 70. Kc2 Kb5 71. Kc3 Kc5 72. Nxc4 Kd5 73. Kd3
Ke6 74. Ke4 Kf6 75. Ne3 g5 76. g4 hxg4 77. hxg4 Ke6 78. Nd5 1-0

[Event "Titled Tue 1st Jul Late"]
[Site "chess.com INT"]
[Date "2025.07.01"]
[Round "2"]
[White "Muradli, Mahammad"]
[Black "Baches Garcia, Guillermo"]
[Result "1-0"]
[WhiteTitle "GM"]
[BlackTitle "IM"]
[WhiteElo "2609"]
[BlackElo "2305"]
[WhiteFideId "13409301"]
[BlackFideId "2209764"]
[EventDate "2025.07.01"]

1. b3 d5 2. Bb2 e6 3. Nf3 Nf6 4. g3 a5 5. a3 Bd6 6. Bg2 O-O 7. O-O Nc6 8. d3 e5
9. Nbd2 Re8 10. e4 dxe4 11. dxe4 b6 12. Qe2 Ba6 13. Nc4 Bc5 14. c3 Qe7 15. b4
Bd6 16. Rfd1 Qe6 17. Bf1 Bf8 18. Ng5 Qe7 19. Qc2 h6 20. Nf3 Qe6 21. Ne3 Bxf1 22.
Rxf1 Rad8 23. Rad1 Rxd1 24. Rxd1 Rd8 25. Rxd8 Nxd8 26. bxa5 bxa5 27. c4 Nd7 28.
Qa4 Nb7 29. Qb5 Nbc5 30. Qxa5 Nxe4 31. Qxc7 f6 32. Qb7 Ndc5 33. Qa8 Kf7 34. Kg2
Be7 35. Nd5 Nxf2 36. Kxf2 Nd3+ 37. Kg2 Nxb2 38. c5 Nc4 39. Nxe7 Kxe7 40. c6 Qd5
41. Qb7+ Kf8 42. Qb8+ Ke7 43. c7 Nd6 44. Qd8+ Kf7 45. Qd7+ Kg6 46. c8=Q Qa2+ 47.
Kh3 Nxc8 48. Nh4+ Kh7 49. Qf5+ Kh8 50. Qxc8+ Kh7 51. Qf5+ Kh8 52. Qd3 Qe6+ 53.
g4 e4 54. Qe3 h5 55. Qg3 g5 56. Nf5 hxg4+ 57. Kxg4 e3 58. Qxe3 Qc4+ 59. Kg3 Qc7+
60. Kg2 Qc6+ 61. Qf3 Qc2+ 62. Kh3 Qc7 63. Ng3 Kh7 64. Qf5+ Kg7 65. Nh5+ Kh8 66.
Qxf6+ Kg8 67. Qxg5+ Kh7 68. Nf6+ 1-0

[Event "Titled Tue 1st Jul Late"]
[Site "chess.com INT"]
[Date "2025.07.01"]
[Round "2"]
[White "Dilmukhametov, Artur"]
[Black "Klys, Kacper"]
[Result "0-1"]
[WhiteTitle "FM"]
[BlackTitle "CM"]
[WhiteElo "2276"]
[BlackElo "2218"]
[WhiteFideId "24179922"]
[BlackFideId "21005281"]
[EventDate "2025.07.01"]

1. Nf3 d5 2. d4 Bf5 3. g3 e6 4. Bg2 h6 5. O-O Nf6 6. c4 c6 7. Nc3 Nbd7 8. a3 Be7
9. cxd5 exd5 10. b4 O-O 11. Na4 Re8 12. Nc5 b6 13. Nxd7 Nxd7 14. Bb2 Rc8 15. Rc1
Bf6 16. e3 c5 17. bxc5 bxc5 18. Qb3 c4 19. Qd1 Rb8 20. Bc3 Rb3 21. Bb4 a5 22.
Bd6 Qb6 23. Be5 Bd3 24. Re1 Rxa3 25. Ra1 Rxa1 26. Qxa1 Nxe5 27. dxe5 Be7 28. Nd4
Bb4 29. Rd1 Qc5 30. Bh3 Qc7 31. e6 Bc5 32. exf7+ Qxf7 33. Qxa5 Bxd4 34. exd4 Qf3
35. Re1 Rxe1+ 36. Qxe1 Be4 37. Kf1 Qh1+ 38. Ke2 Qxh2 39. Be6+ Kh8 40. Kd2 Qg2
41. Qe3 Qf1 42. Qf4 Qd3+ 43. Ke1 Qb1+ 44. Kd2 c3+ 45. Kxc3 Qc2+ 46. Kb4 Qc4+ 47.
Ka3 Qc3+ 48. Ka4 Qxd4+ 49. Kb5 Qc4+ 50. Kb6 Qd4+ 51. Kc7 Qf6 52. Qxf6 gxf6 53.
Kd6 d4 54. Bc4 d3 55. Bb3 Bf3 56. Kc5 d2 57. Kd6 d1=Q+ 58. Bxd1 Bxd1 59. Ke6 Kg7
60. Kf5 h5 61. Kf4 Kg6 62. f3 Bc2 63. g4 h4 64. Ke3 Kg5 65. Kf2 Bd1 66. Kg2 Kf4
67. Kh3 Bxf3 68. Kxh4 Be2 69. g5 fxg5+ 70. Kh3 g4+ 71. Kg2 g3 72. Kg1 Bf3 73.
Kf1 Kg4 74. Kg1 Kh3 0-1